000 01748 a2200313 4500
001 49896
005 20260407155759.0
008 260407a2006 arg spa d
003 AR-UNSa-BCEJYS
040 _aAR-UNSa-BCEJYS
_bspa
_cAR-UNSa-BCEJYS
080 _a330.101.542
_xMicroeconomía
245 1 0 _aMicroeconomía
020 _a978-84-205-4623-0
250 _a3a. ed.
264 1 _aMadrid :
_bPearson Educación
_c2006
300 _axii, 831 p.
_c25 cm.
505 _a1. Naturaleza y ámbito de la microeconomía – 2. La teoría del consumidor – 3. La teoría del consumidor: dualidad – 4. Más modelos de conducta del consumidor – 5. La producción – 6. El coste – 7. La empresa y los objetivos de la empresa – 8. Teoría de los mercados competitivos – 9. El monopolio – 10. Los mercados de factores productivos – 11. El mercado de capitales – 12. Equilibrio general – 13. La economía del bienestar – 14. Fallos de mercado y fallos de gobierno – 15. La teoría de juegos – 16. Oligopolio – 17. Elección bajo incertidumbre – 18. Producción en condiciones de incertidumbre – 19. Seguros, reparto y agrupación de riesgos – 20. Teoría de la agencia, teoría de contratos y la empresa – 21. Equilibrio general en condiciones de incertidumbre y mercados incompletos.
041 _aspa
942 _cBK
590 _aniveau_biblio:m niveau_hierar:0
100 1 _aGravelle, Hugh
700 1 _aRees, Ray
700 1 _aLeal, Roberto
700 1 _aMoreno, Yago
700 1 _aMaté, Jorge Julio
700 1 _aPérez Domínguez, Carlos
700 1 _aRodríguez Caballero, Juan Carlos
856 4 1 _uhttps://www.biblioeco.unsa.edu.ar/pmb/images/libros/L128221.jpg
_yImagen de portada
_qimage/jpeg
999 _c4910
_d4910